Detalles MARC
| 000 -LIDER |
| fixed length control field |
01266nam a2200289 a 4500 |
| 001 - NÚMERO DE CONTROL |
| Identificador de número de control |
000044386 |
| 003 - IDENTIFICACDOR DE NÚMERO DE CONTROL |
| control field |
DO-SdBNP |
| 005 - DATE AND TIME OF LATEST TRANSACTION |
| control field |
20180326160018.0 |
| 007 - CAMPOS FIJOS DE DESCRIPCIÓN FÍSICA |
| fixed length control field |
000044386 |
| 008 - ELEMENTOS DE LONGITUD FIJA |
| fixed length control field |
140626s2008 dr a 000 0 spa d |
| 020 ## - ISBN |
| International Standard Book Number |
9789945406740 |
| 040 ## - FUENTE DE CATALOGACIÓN |
| Agencia que crea de manera original el registro |
BPMET |
| Idioma de catalogación |
spa |
| Agencia que realiza la transcripción |
BPMET |
| 092 ## - LOCALLY ASSIGNED DEWEY DECIMAL CALL NUMBER |
| Número de clasificación |
xxxx |
| Número de ítem (Cutter) |
H519c, 2008 |
| 100 1# - ASIENTO PRINCIPAL -- NOMBRE PERSONAL |
| Nombre personal |
Henríquez Ureña, Pedro, |
| Fechas asociadas con el nombre |
1884-1946. |
| 245 14 - MENCIÓN DE TITULO |
| Título |
Los cuentos de la nana Lupe / |
| Mención de responsabilidad |
Pedro Henríquez Ureña ; ilustraciones Braulio Brito Martínez ...[et al.]. |
| 250 ## - MENCIÓN DE EDICION |
| Mención de edición |
2a ed. |
| 260 ## - PUBLICACIÓN, DISTRIBUCIÓN, ETC. (PIE DE IMPRENTA) |
| Lugar de publicación, distribución, etc |
Santo Domingo : |
| Nombre del editor, distribuidor, etc. |
Fondo Editorial, |
| Fecha de publicación, distribución, etc |
2008. |
| 300 ## - DESCRIPCIÓN FÍSICA |
| Extensión |
152 P. : |
| Otros detalles físicos |
il. ; |
| Dimensiones |
22 cm. |
| 490 1# - MENCIÓN DE SERIES |
| Volume/sequential designation |
Biblioteca Susaeta |
| 505 0# - NOTA DE CONTENIDO |
| Título |
Presentación -- |
| -- |
Pedro Henríquez Ureña -- |
| -- |
En los volcanes -- |
| -- |
El jauja -- |
| -- |
Con las brujas -- |
| -- |
Con las hormigas y la cigarra -- |
| -- |
Con el cuervo y el coyote -- |
| -- |
Con las ranas -- |
| -- |
Con el León -- |
| -- |
Con el camello -- |
| -- |
Con el perro -- |
| -- |
Con el corderito -- |
| -- |
Con el gallo y la gallinas -- |
| -- |
Con el zorro azul -- |
| -- |
Con la cigüeña -- |
| -- |
Con el burro -- |
| -- |
Con el burro y el ratón -- |
| 650 #4 - ENCABEZAMIENTO DE MATERIA--TEMÁTICO |
| Término temático o nombre geográfico como elemento de entrada |
CUENTOS DOMINICANOS |
| 650 #4 - ENCABEZAMIENTO DE MATERIA--TEMÁTICO |
| Término temático o nombre geográfico como elemento de entrada |
LITERATURA DOMINICANA |
| 700 12 - ASIENTO SECUNDARIO -- NOMBRE PERSONAL |
| Nombre personal |
Brito Martínez, Braulio |
| Mención de responsabilidad |
il. |
| 942 ## - ADDED ENTRY ELEMENTS (KOHA) |
| Source of classification or shelving scheme |
Dewey Decimal Classification |
| Koha item type |
Libros |
| 945 ## - INFORMACIÓN DE PROCESAMIENTO LOCAL |
| Información de procesamiento local |
Remanejado para la BNPHU / 2018 VM |
| 956 ## - LOCAL ELECTRONIC LOCATION AND ACCESS (OCLC) |
| Nombre de host |
VMATEO |
| Número de acceso |
10 |
| Información de compresión |
20140630 |
| Inicio de sesión |
BPMSU |
| Procesador de solicitud |
0069 |